New HUD? The Administration Proposal.

Describes the primary goals of the Administration plan to "reinvent" the Department of Housing and Urban Development (HUD): consolidation and performance-based funding of programs, transformation of public housing, and overhaul of the Federal Housing Administration. Reinvention would event...

Full description

Bibliographic Details
Corporate Authors: Library of Congress. Congressional Research Service, ProQuest (Firm)
Format: eBook
Language:English
Published: [Place of publication not identified] : [publisher not identified], 1995-1996.
Series:U.S. Congressional Research.
Subjects:
Online Access:Connect to the full text of this electronic book

MARC

Tag First Indicator Second Indicator Subfields
LEADER 00000cam a22000001a 4500
001 in00003355893
006 m d f
007 cr bn mmmapmmp
008 100715m19951996dcu o f000 0 eng d
005 20260429192751.5
035 |a cis2007888482 
040 |a ProQuest  |c ProQuest  |d UtOrBLW 
043 |a n-us--- 
099 |a CRS-1995-ECN-0089 
110 2 |a Library of Congress.  |b Congressional Research Service. 
245 1 0 |a New HUD? The Administration Proposal. 
264 1 |a [Place of publication not identified] :  |b [publisher not identified],  |c 1995-1996. 
300 |a 1 online resource. 
336 |a text  |b txt  |2 rdacontent 
337 |a computer  |b c  |2 rdamedia 
338 |a online resource  |b cr  |2 rdacarrier 
500 |a Record is based on bibliographic data in ProQuest U.S. Congressional Research Digital Collection (last viewed July 2010). Reuse except for individual research requires license from ProQuest, LLC. 
500 |a CRS Report. 
520 |a Describes the primary goals of the Administration plan to "reinvent" the Department of Housing and Urban Development (HUD): consolidation and performance-based funding of programs, transformation of public housing, and overhaul of the Federal Housing Administration. Reinvention would eventually convert most current HUD funds to block grants to State and local governments and public housing authorities. 
500 |a Electronic resource. 
650 0 |a Federal aid to housing. 
650 0 |a Administrative agencies  |x Reorganization. 
650 0 |a Public housing. 
655 7 |a Electronic books.  |2 local 
710 2 |a ProQuest (Firm) 
776 0 8 |i Microfiche version:   |a Library of Congress. Congressional Research Service.  |t New HUD? The Administration Proposal 
830 0 |a U.S. Congressional Research. 
856 4 0 |u http://proxy.library.tamu.edu/login?url=https://congressional.proquest.com/congcomp/getdoc?CRDC-ID=CRS-1995-ECN-0089  |z Connect to the full text of this electronic book  |t 0 
999 |a MARS 
999 f f |s a3a25036-da09-3eb0-9fd4-5ae9c9ce182a  |i 224a8667-d44c-3c40-89e4-3271055d9117  |t 0 
952 f f |a Texas A&M University  |b College Station  |c Electronic Resources  |s www_evans  |d Available Online  |t 0  |e CRS-1995-ECN-0089  |h Other scheme 
998 f f |a CRS-1995-ECN-0089  |t 0  |l Available Online